000 01084nam a22002297a 4500
999 _c63141
_d63141
003 Ge_BSU
005 20250611152335.0
008 250611s2024 ge ||||| |||| 00| 0 geo d
020 _a9789941318481
041 _ageo
080 _a94+303.446.4(075.8) კ-18
100 _aკალანდაძე, მერაბ
_91537
245 _aსახელმძღვანელოს საინტერესო ისტორია. მითები და რეალობა /
_cმერაბ კალანდაძე; რედაქტორი ნაირა მამუკელაშვილი.
264 _aთბილისი :
_bინტელექტი,
_c2024.
300 _a144 გვ. ;
_b20 სმ.
504 _aბიბლიოგრაფია თავების ბოლოს.
653 _aისტორია
653 _aმითები
653 _aრეალობა
700 _aმამუკელაშვილი, ნაირა
_eრედაქტორი
_925379
942 _2udc
_cᲬᲘᲒᲜᲘ